| 000 | 01070nam a22003135a 4500 | ||
|---|---|---|---|
| 003 | EG-ScBUE | ||
| 005 | 20220511101142.0 | ||
| 008 | 180828s1991 enkb f b 001 0 eng d | ||
| 020 | _a0582021944 | ||
| 020 | _a9780582021945 | ||
| 040 |
_aEG-ScBUE _beng _erda _cEG-ScBUE _dEG-ScBUE |
||
| 082 | 0 | 4 |
_a427 _bDIA _222 |
| 245 | 0 | 0 |
_aDialects of English : _bstudies in grammatical variation / _cedited by Peter Trudgill and J. K. Chambers |
| 264 | 1 |
_aLondon ; _aNew York : _bLongman Group UK Limited, _c1991. |
|
| 300 |
_axiv, 306 pages : _bmaps ; _c22 cm. |
||
| 336 |
_2rdacontent _atext _btxt |
||
| 337 |
_2rdamedia _aunmediated _bn |
||
| 338 |
_2rdacarrier _avolume _bnc |
||
| 490 | 0 | _aLongman linguistics library | |
| 504 | _aIncludes bibliographical references and index. | ||
| 650 | 7 |
_aEnglish language _xDialects. _2BUEsh |
|
| 650 | 7 |
_aEnglish language _xVariation. _2BUEsh |
|
| 651 | _2BUEsh | ||
| 653 |
_bHHUUEENN _cSeptember2018 |
||
| 655 |
_vReading book _934232 |
||
| 700 | 1 |
_aChambers, J. K., _eeditor. |
|
| 700 | 1 |
_aTrudgill, Peter, _eeditor. |
|
| 942 |
_2ddc _cBB |
||
| 999 |
_c9482 _d9482 |
||